[Event "Munich op-A 3rd"]
[Site "Munich"]
[Date "2025.05.31"]
[Round "5"]
[White "Logvinov, Petro"]
[Black "Arndt, Magnus"]
[Result "1/2-1/2"]
[WhiteElo "2190"]
[BlackElo "2380"]
[PlyCount "77"]
[EventDate "2025.05.29"]
[EventType "swiss"]
[EventRounds "9"]
[EventCountry "GER"]
[SourceTitle "CB23_2025"]
[SourceDate "2025.06.04"]
[SourceVersion "1"]
[SourceVersionDate "2025.06.04"]
[SourceQuality "1"]

1. e4 e5 2. Nf3 Nc6 3. Bc4 Nf6 4. d3 Be7 5. 0-0 0-0 6. Re1 d6 7. a4 Na5 8. Ba2 c5 9. c3 Nc6 10. Na3 h6 11. Nc2 a6 12. b4 cxb4 13. cxb4 d5 14. b5 Nb4 15. Nxb4 Bxb4 16. Bd2 Bxd2 17. Qxd2 dxe4 18. Nxe5 Qd6 19. Qc3 Be6 20. Bxe6 Qxe6 21. bxa6 Rxa6 22. dxe4 Re8 23. f4 Qb6+ 24. Kh1 Rea8 25. Qc4 Qe6 26. Qb4 Qe8 27. Qxb7 R8a7 28. Qb3 Rxa4 29. Rxa4 Rxa4 30. Nxf7 Kh7 31. Nd6 Qc6 32. e5 Nd5 33. Qd3+ Kg8 34. Qg6 Nxf4 35. Qf7+ Kh7 36. Qf5+ Kg8 37. Qf7+ Kh7 38. Qf5+ Kg8 39. Qf7+ 1/2-1/2

[Event "GER-ch Blitz"]
[Site "Munich"]
[Date "2025.05.24"]
[Round "5"]
[White "Arndt, Magnus"]
[Black "Atoyan, Alberto"]
[Result "1/2-1/2"]
[WhiteElo "2380"]
[BlackElo "2266"]
[PlyCount "144"]
[EventDate "2025.05.24"]
[EventType "tourn (blitz)"]
[EventRounds "29"]
[EventCountry "GER"]
[EventCategory "6"]
[SourceTitle "CB22_2025"]
[SourceDate "2025.05.28"]
[SourceVersion "1"]
[SourceVersionDate "2025.05.28"]
[SourceQuality "1"]

1. e4 c5 2. Nf3 d6 3. Bb5+ Nd7 4. 0-0 Ngf6 5. Re1 a6 6. Bf1 e6 7. c4 Be7 8. d4 cxd4 9. Nxd4 0-0 10. Nc3 Qc7 11. Bg5 b6 12. Rc1 Bb7 13. f3 Rad8 14. Kh1 Qb8 15. b4 Rc8 16. Qd2 Rfd8 17. Na4 Qc7 18. Nb3 Bc6 19. b5 Bb7 20. Nc3 Nc5 21. Nxc5 dxc5 22. Qf2 Bd6 23. Qh4 Be5 24. f4 h6 25. fxe5 hxg5 26. Qxg5 Nd7 27. Red1 Qxe5 28. Qxe5 Nxe5 29. Kg1 Rd4 30. Rxd4 cxd4 31. Na4 axb5 32. Nxb6 Rc5 33. Rd1 bxc4 34. Rxd4 c3 35. Rd8+ Kh7 36. Rd1 c2 37. Rc1 Bxe4 38. Kf2 Rb5 39. Bxb5 Bd3 40. a4 Bxb5 41. axb5 Nd3+ 42. Ke3 Nxc1 43. Kd2 Nb3+ 44. Kxc2 Nd4+ 45. Kd3 Nxb5 46. Nc4 f6 47. Ne3 Kg6 48. Ke4 Nd6+ 49. Kf3 Nf5 50. Nc4 Nd4+ 51. Ke4 e5 52. Ne3 Kg5 53. g3 Ne6 54. Nc4 Kg4 55. Ne3+ Kh3 56. Kf5 Nd4+ 57. Kg6 Ne6 58. Kf7 Ng5+ 59. Kxg7 Ne4 60. g4 Kxh2 61. Nd5 Kg3 62. Nxf6 Ng5 63. Kg6 Nh3 64. Kf5 Nf4 65. Kxe5 Ng6+ 66. Kf5 Ne7+ 67. Kg5 Nc6 68. Nh5+ Kf3 69. Kf5 Nd4+ 70. Kg5 Ne6+ 71. Kh4 Ke4 72. g5 Ke5 1/2-1/2

[Event "GER-ch Blitz"]
[Site "Munich"]
[Date "2025.05.24"]
[Round "17"]
[White "Arndt, Magnus"]
[Black "Knuedel, Torben"]
[Result "1-0"]
[WhiteElo "2380"]
[BlackElo "2319"]
[PlyCount "135"]
[EventDate "2025.05.24"]
[EventType "tourn (blitz)"]
[EventRounds "29"]
[EventCountry "GER"]
[EventCategory "6"]
[SourceTitle "CB22_2025"]
[SourceDate "2025.05.28"]
[SourceVersion "1"]
[SourceVersionDate "2025.05.28"]
[SourceQuality "1"]

1. d4 Nf6 2. c4 e6 3. Nc3 Bb4 4. e3 0-0 5. Bd2 c5 6. a3 Bxc3 7. Bxc3 Ne4 8. Ne2 Qh4 9. g3 Qf6 10. f4 Nxc3 11. Nxc3 Nc6 12. dxc5 Qf5 13. Qd6 Qc2 14. Qd2 Qf5 15. b4 a5 16. Bd3 Qh5 17. Rb1 Rd8 18. 0-0 b6 19. cxb6 Bb7 20. Be4 d5 21. cxd5 exd5 22. Bf3 Qg6 23. Nxd5 axb4 24. axb4 Kh8 25. e4 Ra3 26. Qf2 f5 27. exf5 Qxf5 28. Ne7 Qe6 29. Rfe1 Qf6 30. Nxc6 Bxc6 31. Bxc6 Qxc6 32. Rbc1 Qa8 33. Rc7 Ra2 34. b7 Qb8 35. Qxa2 Qxc7 36. Qa7 Qc3 37. Rf1 Qxb4 38. Ra1 h5 39. Rc1 h4 40. Qc5 Qd2 41. Qh5+ Kg8 42. Rf1 Qe3+ 43. Kg2 h3+ 44. Kxh3 Qe6+ 45. Qg4 Qh6+ 46. Kg2 Rd2+ 47. Rf2 Qc6+ 48. Qf3 Rxf2+ 49. Kxf2 Qc2+ 50. Kg1 Qb1+ 51. Kg2 Qc2+ 52. Kh3 Qh7+ 53. Kg2 Qc2+ 54. Kf1 Qb1+ 55. Kf2 Qb2+ 56. Qe2 Qxb7 57. Qe8+ Kh7 58. Qh5+ Kg8 59. Qe8+ Kh7 60. Qe2 g6 61. Qd2 Kh8 62. Qc3+ Kh7 63. g4 Qb6+ 64. Kg2 Qb7+ 65. Kg3 Kg8 66. Qf3 Qb6 67. f5 g5 68. Qd5+ 1-0

[Event "GER-ch Blitz"]
[Site "Munich"]
[Date "2025.05.24"]
[Round "21"]
[White "Arndt, Magnus"]
[Black "Moeller, Maurin"]
[Result "1/2-1/2"]
[WhiteElo "2380"]
[BlackElo "2291"]
[PlyCount "59"]
[EventDate "2025.05.24"]
[EventType "tourn (blitz)"]
[EventRounds "29"]
[EventCountry "GER"]
[EventCategory "6"]
[SourceTitle "CB22_2025"]
[SourceDate "2025.05.28"]
[SourceVersion "1"]
[SourceVersionDate "2025.05.28"]
[SourceQuality "1"]

1. e4 c5 2. Nf3 e6 3. g3 Nc6 4. Bg2 Nf6 5. Nc3 d5 6. exd5 exd5 7. d4 Bg4 8. h3 Bxf3 9. Qxf3 Nxd4 10. Qd3 Be7 11. Be3 0-0 12. 0-0 Qb6 13. Bxd4 cxd4 14. Nxd5 Nxd5 15. Bxd5 Bf6 16. Qb3 Qc5 17. Rad1 Rac8 18. Be4 b5 19. a3 Rfe8 20. Bd3 a6 21. Rde1 Qh5 22. Kg2 Qg5 23. Qb4 Qd5+ 24. Kh2 g6 25. a4 Kg7 26. axb5 axb5 27. Qxb5 Qxb5 28. Bxb5 Rxe1 29. Rxe1 Rb8 30. Bd3 1/2-1/2

[Event "GER-ch Blitz"]
[Site "Munich"]
[Date "2025.05.24"]
[Round "28"]
[White "Arndt, Magnus"]
[Black "Stricker, Florian"]
[Result "1-0"]
[WhiteElo "2380"]
[BlackElo "2261"]
[PlyCount "67"]
[EventDate "2025.05.24"]
[EventType "tourn (blitz)"]
[EventRounds "29"]
[EventCountry "GER"]
[EventCategory "6"]
[SourceTitle "CB22_2025"]
[SourceDate "2025.05.28"]
[SourceVersion "1"]
[SourceVersionDate "2025.05.28"]
[SourceQuality "1"]

1. d4 d5 2. Bf4 Nf6 3. e3 e6 4. Nd2 Bd6 5. Bxd6 Qxd6 6. f4 Nc6 7. Ngf3 Ne7 8. Bd3 b6 9. Qe2 Bb7 10. 0-0 0-0 11. c3 c5 12. Ne5 Ne4 13. Rad1 Qc7 14. Nxe4 dxe4 15. Bc4 Rad8 16. Rd2 Nf5 17. Rfd1 cxd4 18. cxd4 a6 19. Rc2 Qe7 20. g3 Rc8 21. Rdc1 Rfd8 22. Kf2 f6 23. Ng4 h5 24. Nxf6+ Qxf6 25. Qxh5 b5 26. Bb3 Rxc2+ 27. Rxc2 Bd5 28. Bxd5 Rxd5 29. Qe8+ Kh7 30. Rc8 Nd6 31. Qh8+ Kg6 32. Rf8 Qe7 33. h4 Nc4 34. g4 1-0

[Event "GER-ch Blitz"]
[Site "Munich"]
[Date "2025.05.24"]
[Round "10"]
[White "Barzen, Pascal"]
[Black "Arndt, Magnus"]
[Result "1-0"]
[WhiteElo "2348"]
[BlackElo "2380"]
[PlyCount "67"]
[EventDate "2025.05.24"]
[EventType "tourn (blitz)"]
[EventRounds "29"]
[EventCountry "GER"]
[EventCategory "6"]
[SourceTitle "CB22_2025"]
[SourceDate "2025.05.28"]
[SourceVersion "1"]
[SourceVersionDate "2025.05.28"]
[SourceQuality "1"]

1. e4 e5 2. Nf3 Nc6 3. Bb5 a6 4. Ba4 Nf6 5. 0-0 Be7 6. Re1 b5 7. Bb3 0-0 8. c3 d5 9. d4 exd4 10. e5 Ne4 11. cxd4 Bf5 12. Nc3 Nxc3 13. bxc3 Na5 14. Bc2 Bxc2 15. Qxc2 Nc4 16. Bf4 c5 17. g3 Qb6 18. Kg2 a5 19. h4 h6 20. Rad1 Rfd8 21. e6 Bf6 22. exf7+ Kxf7 23. h5 Re8 24. Qg6+ Kf8 25. Qh7 cxd4 26. cxd4 Rad8 27. g4 Re4 28. Rxe4 dxe4 29. Qxe4 Re8 30. Qg6 Qd8 31. g5 hxg5 32. Bxg5 Re6 33. h6 Qd7 34. h7 1-0

[Event "GER-ch Blitz"]
[Site "Munich"]
[Date "2025.05.24"]
[Round "22"]
[White "Donchenko, Alexander"]
[Black "Arndt, Magnus"]
[Result "1-0"]
[WhiteElo "2615"]
[BlackElo "2380"]
[PlyCount "99"]
[EventDate "2025.05.24"]
[EventType "tourn (blitz)"]
[EventRounds "29"]
[EventCountry "GER"]
[EventCategory "6"]
[SourceTitle "CB22_2025"]
[SourceDate "2025.05.28"]
[SourceVersion "1"]
[SourceVersionDate "2025.05.28"]
[SourceQuality "1"]

1. Nf3 Nf6 2. c4 e6 3. Nc3 d5 4. e3 Be7 5. b3 b6 6. Bb2 Bb7 7. cxd5 exd5 8. d4 Nbd7 9. Bd3 0-0 10. 0-0 a6 11. a4 Re8 12. a5 b5 13. Ne2 c5 14. dxc5 Nxc5 15. Bc2 Nce4 16. Ng3 Bb4 17. Nxe4 dxe4 18. Qxd8 Raxd8 19. Nd4 Nd5 20. Rfc1 g6 21. h4 h5 22. Bd1 Rc8 23. Rc2 Nc3 24. Be2 Nxe2+ 25. Rxe2 Bd5 26. Kh2 Red8 27. Kh3 Kf8 28. Ba3 Bxa3 29. Rxa3 Rc1 30. Raa2 Rdc8 31. Rad2 Bb7 32. Rc2 Ke7 33. Kg3 Kd6 34. Kf4 R1xc2 35. Rxc2 Rxc2 36. Nxc2 Kc5 37. Ke5 Bc8 38. Nd4 Kb4 39. Kf6 Kxa5 40. Kxf7 Kb4 41. Kxg6 Bg4 42. f3 exf3 43. gxf3 Bh3 44. Kxh5 a5 45. Kg6 a4 46. bxa4 bxa4 47. h5 Kc4 48. h6 Bf1 49. h7 Bd3+ 50. Nf5 1-0

[Event "GER-ch Blitz"]
[Site "Munich"]
[Date "2025.05.24"]
[Round "6"]
[White "Reichmann, Hendrik"]
[Black "Arndt, Magnus"]
[Result "1/2-1/2"]
[WhiteElo "2306"]
[BlackElo "2380"]
[PlyCount "41"]
[EventDate "2025.05.24"]
[EventType "tourn (blitz)"]
[EventRounds "29"]
[EventCountry "GER"]
[EventCategory "6"]
[SourceTitle "CB22_2025"]
[SourceDate "2025.05.28"]
[SourceVersion "1"]
[SourceVersionDate "2025.05.28"]
[SourceQuality "1"]

1. Nf3 Nf6 2. c4 e6 3. b3 d5 4. Bb2 Be7 5. g3 0-0 6. Bg2 b6 7. 0-0 Bb7 8. e3 dxc4 9. bxc4 c5 10. Qe2 Nc6 11. d4 Rc8 12. Rd1 cxd4 13. exd4 Na5 14. Nbd2 Qc7 15. Rac1 Rfd8 16. Ne5 Bxg2 17. Kxg2 Qb7+ 18. Qf3 Qxf3+ 19. Kxf3 Nd7 20. Nd3 Kf8 21. Ke3 1/2-1/2

[Event "GER-ch Blitz"]
[Site "Munich"]
[Date "2025.05.24"]
[Round "2"]
[White "Stein, Robert"]
[Black "Arndt, Magnus"]
[Result "1-0"]
[WhiteElo "2422"]
[BlackElo "2380"]
[PlyCount "71"]
[EventDate "2025.05.24"]
[EventType "tourn (blitz)"]
[EventRounds "29"]
[EventCountry "GER"]
[EventCategory "6"]
[SourceTitle "CB22_2025"]
[SourceDate "2025.05.28"]
[SourceVersion "1"]
[SourceVersionDate "2025.05.28"]
[SourceQuality "1"]

1. Nf3 Nf6 2. c4 e6 3. Nc3 d5 4. e3 b6 5. cxd5 exd5 6. g3 Bb7 7. Bg2 Nbd7 8. 0-0 a6 9. b3 Bd6 10. Bb2 0-0 11. Rc1 Re8 12. Ne2 c5 13. d4 Ne4 14. Nf4 Ndf6 15. Rc2 Rc8 16. dxc5 bxc5 17. Nd2 Bb8 18. Nxe4 Nxe4 19. Qg4 d4 20. exd4 Nf6 21. Qd1 Bxg2 22. Nxg2 cxd4 23. Rd2 Ne4 24. Rxd4 Qb6 25. Ne3 Ng5 26. h4 Ne6 27. Rg4 h5 28. Nd5 Qd6 29. Nf6+ Kf8 30. Qxd6+ Bxd6 31. Nxe8 Kxe8 32. Rc4 Rb8 33. Rd1 Bc5 34. Rd5 Rc8 35. Rxh5 Ke7 36. Ba3 1-0

[Event "GER-ch Blitz"]
[Site "Munich"]
[Date "2025.05.24"]
[Round "26"]
[White "Zwahr, Paul"]
[Black "Arndt, Magnus"]
[Result "0-1"]
[WhiteElo "2272"]
[BlackElo "2380"]
[PlyCount "99"]
[EventDate "2025.05.24"]
[EventType "tourn (blitz)"]
[EventRounds "29"]
[EventCountry "GER"]
[EventCategory "6"]
[SourceTitle "CB22_2025"]
[SourceDate "2025.05.28"]
[SourceVersion "1"]
[SourceVersionDate "2025.05.28"]
[SourceQuality "1"]

1. e4 e5 2. Nf3 Nc6 3. Bc4 Nf6 4. d3 h6 5. Nc3 d6 6. 0-0 Na5 7. h3 Nxc4 8. dxc4 Be6 9. Qd3 c6 10. c5 Qc7 11. cxd6 Bxd6 12. a4 a5 13. Nh4 0-0 14. Qf3 Qe7 15. Nf5 Bxf5 16. Qxf5 Rfd8 17. Be3 g6 18. Qf3 Kg7 19. Rad1 Bc5 20. Bc1 Rxd1 21. Rxd1 Rd8 22. Rxd8 Qxd8 23. Kf1 Ne8 24. Be3 Bb4 25. Qd1 Qxd1+ 26. Nxd1 Nc7 27. Bb6 Na8 28. Bd8 b6 29. Ne3 Bc5 30. Nc4 f6 31. c3 Kf7 32. b4 axb4 33. cxb4 Bxb4 34. Nxb6 Ba5 35. Nxa8 Bxd8 36. Ke2 Ke6 37. Kd3 Kd7 38. Kc4 Kc8 39. Kc5 Kb7 40. Kd6 Kxa8 41. Kxc6 Ka7 42. f3 h5 43. Kd7 Bb6 44. Ke6 Bd8 45. Kd7 Ba5 46. Ke6 Bd2 47. Kxf6 Bf4 48. Kxg6 h4 49. Kf6 Ka6 50. Ke6 0-1